000
00330nam a2200121Ia 4500
008
240624s9999 xx 000 0 und d
041
_a
eng
082
_a
658.404 BRU
100
_a
BURKE RORY
245
_a
PROJECT MANAGEMENT PLANNING AND CONTROL
260
_c
2004
_a
Singapore
_b
John Wiley & Sons
300
_a
ix, : 373 : p. : cm. ; 22
999
_c
5259
_d
5259